[Event "Skovbo GM 2012"]
[Site "Borup Kulturhus"]
[Date "2012.09.15"]
[Round "3.23"]
[White "Larsen, Paul M"]
[Black "Eriksson, Christian Altenburg"]
[Result "0-1"]
[WhiteElo "1611"]
[BlackElo "2118"]
[PlyCount "66"]
[EventDate "2012.??.??"]
[WhiteTeam "Haslev Skakklub"]
[BlackTeam "Brønshøj Skakforening"]

1. d4 d5 2. Nf3 Nf6 3. e3 c5 4. dxc5 e6 5. Bd3 Bxc5 6. c3 Nc6 7. O-O e5 8. Be2
O-O 9. Nbd2 Bg4 10. Nb3 Bd6 11. h3 Bxf3 12. Bxf3 e4 13. Bg4 Qe7 14. Nd4 h5 15.
Nf5 Qe5 16. Nxd6 hxg4 17. Nb5 gxh3 18. g3 Qg5 19. Nd4 Ne5 20. Ne2 Nf3+ 21. Kh1
Rad8 22. Ng1 Qf5 23. Nxf3 exf3 24. Qd4 Ne4 25. Kh2 a6 26. Bd2 Rfe8 27. Be1 Nf6
28. Rh1 Ng4+ 29. Kg1 h2+ 30. Rxh2 Nxh2 31. Kxh2 Re4 32. Qd1 Qh5+ 33. Kg1 Rh4
0-1

[Event "Skovbo GM 2012"]
[Site "Borup Kulturhus"]
[Date "2012.09.15"]
[Round "3.26"]
[White "Kakulidis, Ellen"]
[Black "Vesterli, Michael E"]
[Result "0-1"]
[WhiteElo "1366"]
[BlackElo "2037"]
[PlyCount "60"]
[EventDate "2012.??.??"]
[WhiteTeam "Aalborg Skakforening af 1889"]
[BlackTeam "BMS Skak"]

1. d4 Nf6 2. c4 Nc6 3. Nc3 e5 4. d5 Ne7 5. e4 Ng6 6. a3 Bc5 7. Nge2 Ng4 8. Be3
Nxe3 9. fxe3 Bxe3 10. Ng3 d6 11. Qf3 Bg5 12. Be2 Nh4 13. Qf2 O-O 14. Nf5 g6 15.
Nxh4 Bxh4 16. g3 Be7 17. Qg2 f5 18. Rf1 fxe4 19. Nxe4 c6 20. Nc3 Bd7 21. O-O-O
Qb6 22. h4 Qb3 23. Bd3 Bg4 24. Rd2 Rac8 25. Rc2 Qb6 26. Qe4 Rxf1+ 27. Bxf1 Bf5
28. Qe2 Bxc2 29. Qxc2 Qg1 30. Qd1 Qxg3 0-1

[Event "Skovbo GM 2012"]
[Site "Borup Kulturhus"]
[Date "2012.09.15"]
[Round "3.28"]
[White "Hansen, Lars-Henrik Bech"]
[Black "Christensen, Kristen Bjørn"]
[Result "1-0"]
[WhiteElo "2013"]
[BlackElo "1223"]
[PlyCount "51"]
[EventDate "2012.??.??"]
[WhiteTeam "BMS Skak"]
[BlackTeam "Ejby Skakklub"]

1. e4 e6 2. d4 d5 3. Nc3 c6 4. Nf3 Bd6 5. Bd3 Ne7 6. O-O O-O 7. e5 Bc7 8. Bxh7+
Kxh7 9. Ng5+ Kg8 10. Qh5 Re8 11. Nxf7 Qd7 12. Ng5 Bd8 13. Qf7+ Kh8 14. Nxe6 Ng8
15. Qh5+ Nh6 16. Nxg7 Kxg7 17. Bxh6+ Kg8 18. Qg6+ Kh8 19. Bg7+ Kg8 20. Bf6+ Kf8
21. Qh6+ Kf7 22. f4 Bxf6 23. Qxf6+ Kg8 24. Rf3 Qf7 25. Rg3+ Kh7 26. Qh4+ 1-0

[Event "Skovbo GM 2012"]
[Site "Borup Kulturhus"]
[Date "2012.09.15"]
[Round "3.29"]
[White "Larsson, Jørgen"]
[Black "Jepson, Christian"]
[Result "0-1"]
[WhiteElo "1159"]
[BlackElo "2388"]
[PlyCount "64"]
[EventDate "2012.??.??"]
[WhiteTeam "Skovbo Skakklub"]

1. d4 Nf6 2. c4 c5 3. d5 e6 4. dxe6 fxe6 5. g3 Be7 6. Bg2 Nc6 7. Bxc6 bxc6 8.
Nf3 O-O 9. O-O Rb8 10. b3 d6 11. Bb2 e5 12. Qc2 Qe8 13. Nfd2 Qh5 14. f3 Bh3 15.
Rd1 Qh6 16. Qd3 Rbd8 17. Ne4 Nxe4 18. Qxe4 Bf5 19. Bc1 Bxe4 20. Bxh6 Bxb1 21.
Bxg7 Kxg7 22. Raxb1 d5 23. Kf2 Kf6 24. Rd3 Ke6 25. Rbd1 a5 26. Re3 Bf6 27. g4
e4 28. cxd5+ cxd5 29. Kg3 Be5+ 30. Kh3 Bd4 31. fxe4 Bxe3 32. Rd3 d4 0-1

[Event "Skovbo GM 2012"]
[Site "Borup Kulturhus"]
[Date "2012.09.15"]
[Round "3.34"]
[White "Fredericia, Ellen"]
[Black "Hansen, Janech"]
[Result "1/2-1/2"]
[WhiteElo "1196"]
[BlackElo "1599"]
[PlyCount "124"]
[EventDate "2012.??.??"]
[WhiteTeam "Skakklubben K41"]
[BlackTeam "Tølløse Skakklub"]

1. d4 Nf6 2. c4 g6 3. Nc3 Bg7 4. Nf3 O-O 5. Bf4 d6 6. e3 Re8 7. Be2 Nbd7 8. O-O
b6 9. Qc2 Bb7 10. Rac1 c5 11. Rfd1 Nh5 12. Bg3 Nxg3 13. hxg3 Bh6 14. dxc5 bxc5
15. Kh2 Rb8 16. Rh1 Nf6 17. Kg1 Kg7 18. Rd1 Ng4 19. Nh2 Nxh2 20. Rxh2 e5 21.
Bf3 e4 22. Bxe4 Bxe4 23. Nxe4 Rxe4 24. Qxe4 Qf6 25. b3 Rd8 26. Qb1 Re8 27. Qa1
Re6 28. Qxf6+ Rxf6 29. Re1 Re6 30. f4 f5 31. Kf2 g5 32. a3 a5 33. Rhh1 Re4 34.
Rd1 Re6 35. Rd5 Kg6 36. Rb1 Bf8 37. b4 axb4 38. axb4 cxb4 39. Rxb4 Re4 40. Rd4
Re6 41. Rd2 h5 42. Rc2 gxf4 43. gxf4 Be7 44. Rb6 Kf7 45. Rb5 Kg6 46. Rb6 Kf6
47. Rd2 h4 48. Re2 Kf7 49. g3 hxg3+ 50. Kxg3 Rg6+ 51. Kf3 Rh6 52. Kf2 Bh4+ 53.
Kf3 Be7 54. Kf2 Rh2+ 55. Kf3 Rh3+ 56. Kg2 Rh6 57. c5 Rg6+ 58. Kf3 dxc5 59. Rxg6
Kxg6 60. Rd2 c4 61. Rd7 {(=)} Bf6 62. Rc7 c3 1/2-1/2